LIBRARY & INFORMATION CENTRE, KCAET, TAVANUR

ONLINE PUBLIC ACCESS CATALOGUE (OPAC)

India`s food problem / (Record no. 11137)

MARC details
000 -LEADER
fixed length control field 00412cam a2200169ua 4500
041 ## - LANGUAGE CODE
Language code of text/sound track or separate title eng
082 ## - DEWEY DECIMAL CLASSIFICATION NUMBER
Classification number 320.58
Item number GAN/IN
100 ## - MAIN ENTRY--AUTHOR NAME
Personal name Gandhi, M.K .
245 ## - TITLE STATEMENT
Title India`s food problem /
260 ## - PUBLICATION, DISTRIBUTION, ETC. (IMPRINT)
Place of publication Ahmadabad :
Name of publisher Navajivan publishing house ,
Year of publication 1960.
300 ## - PHYSICAL DESCRIPTION
Number of Pages 60 ; .
942 ## - ADDED ENTRY ELEMENTS (KOHA)
Koha item type Books
Holdings
Withdrawn status Lost status Damaged status Home library Current library Date acquired Full call number Accession Number Koha item type
Withdrawn     KAUAET Kelappaji 07/04/2012 320.58 2332 Books
free website counter